|
|
|
|
| LEADER |
00000nab a2200000 ar4500 |
| 001 |
vtls009181410 |
| 003 |
SK-MaSNL |
| 005 |
20260304054947.0 |
| 008 |
080206c2008 xo mr|p|||||||000 b|slo |
| 015 |
|
|
|a SNBRB2008/02
|2 snkbucl
|
| 038 |
|
|
|a SNKBUCL
|
| 040 |
|
|
|a SNKBUCL
|b slo
|c SNKBUCL
|e AACR2
|
| 041 |
0 |
|
|a slo
|
| 044 |
|
|
|a xo
|c SK
|
| 080 |
|
|
|a 908(410.5)
|2 1997
|
| 100 |
1 |
|
|a Babarík, Martin
|4 aut
|9 373680
|
| 245 |
1 |
0 |
|a Lakomý ako Škót?
|c Martin Babarík
|
| 300 |
|
|
|b Fotogr.
|
| 651 |
|
7 |
|a Škótsko
|2 snkbucl
|9 20793
|
| 655 |
|
7 |
|a reportáže
|2 snkbucl
|9 28856
|
| 773 |
0 |
|
|t Žurnál
|g Roč. II, č. 5 (2008), s. 74-77
|x 1337-219X
|
| 852 |
|
|
|a SNK
|b KIS3GCP
|
| 999 |
|
|
|c 2721664
|d 2723594
|